Asociación Española para el Progreso de las Ciencias (Record no. 46721)

MARC details
000 -LEADER
campo de control de longitud fija 00550nam a2200157 i 4500
001 - NÚMERO DE CONTROL
campo de control 46721
003 - IDENTIFICADOR DE NÚMERO DE CONTROL
campo de control ES-MaACL
005 - FECHA Y HORA DE LA ÚLTIMA TRANSACCIÓN
campo de control 20230906161432.0
007 - CAMPO FIJO DE DESCRIPCIÓN FÍSICA--INFORMACIÓN GENERAL
campo de control de longitud fija t|
008 - DATOS DE LONGITUD FIJA--INFORMACIÓN GENERAL
campo de control de longitud fija 030331s1940 sp ||||1| spa d
110 2# - ENTRADA PRINCIPAL--NOMBRE DE ENTIDAD CORPORATIVA
Nombre de entidad corporativa o nombre de jurisdicción como elemento de entrada Asociación Española para el Progreso de las Ciencias.
Unidad subordinada Congreso (
Número del congreso/reunión o número de parte o sección 16º.
Fecha del congreso o de la firma del tratado 1940.
Sede del congreso/Lugar de la reunión Zaragoza)
9 (RLIN) 1696
245 10 - MENCIÓN DEL TÍTULO
Título Asociación Española para el Progreso de las Ciencias
Resto del título : XVI congreso celebrado en Zaragoza.
260 ## - PUBLICACIÓN, DISTRIBUCIÓN, ETC.
Lugar de publicación, distribución, etc. Madrid :
Nombre del editor, distribuidor, etc. [s.n.,
Fecha de publicación, distribución, etc. 1940] (
Fabricante Aldecoa)
300 ## - DESCRIPCIÓN FÍSICA
Extensión 530 p. :
Otras características físicas map. ;
Dimensiones 24 cm.
852 ## - LOCALIZACIÓN
Ubicación ES-MaACL
Número de control de estantería D-8651
Holdings
Estatus retirado Estado de pérdida Estado de daño No para préstamo Biblioteca de origen Biblioteca actual Ubicación en estantería Fecha de adquisición Fuente de adquisición Total de préstamos Signatura topográfica completa Código de barras Visto por última vez Precio de reemplazo Tipo de ítem Koha
        Biblioteca del Ateneo de Madrid Biblioteca del Ateneo de Madrid Sala Valle Inclán 17/01/2008     D-8651 901049140 23/02/2023 23/02/2023 Libro impreso